000 00280nam a2200121Ia 4500
005 20251222153600.0
008 251222s9999||||xx |||||||||||||| ||spa||
020 _a84-345-9042-6
082 _a828.8/R41
100 _a"Renault, Mary"
245 0 _aFuego del paraĆ­so
942 _cLIB
999 _c31196
_d31196